Шалені шахи (Запис № 17710)

000 -Маркер запису
Контрольне поле сталої довжини 01992nam a22002657a 4500
003 - Належність контрольного номера
Контрольне поле Uzh_bibl
008 - Кодовані дані
Контрольне поле сталої довжини 260511b |||||||| |||| 00| 0 ukr d
020 ## - Індекс ISBN
ISBN 978-966-03-6975-7
Ціна 90.00
040 ## - Джерело каталогіз.
Код мови каталог. укр.
041 ## - Код мови видання
Код мови оригіналу українська
Код мови тексту українська
080 ## - Індекс УДК
Індекс УДК 821(477)
090 ## - Шифри
Поличний індекс 821(477)
Авторський знак Л 64
100 ## - Автор
Автор Литовченки,Тимур і Олена
245 ## - Назва
Назва Шалені шахи
Відповідальність худож.-оформлювач Л.П.Вировець
Фізичний носій Текст
260 ## - Вихідні дані
Місце видання Харків
Видавництво Фоліо
Дата видання 2014
300 ## - Фізичний опис
Обсяг 315 с.
Тип одиниці В опр.
490 ## - Серія
Назва серії Серія "Історія України в романах"
520 ## - Анотація
Анотація Що наше життя? Гра!.. Для одних — карколомна шахова партія, для інших — протиборство держав і князівств, владних осіб та спадкоємців величезних станів, католиків та православних. Настав час розпочинати чергову партію. У великій грі життями, немов живі шахові фігури, зійшлися князі Василь-Костянтин Острозький і Дмитро Сангушко, княгині Беата Костелецька-Острозька і Гальшка Острозька, очільники перших козацьких повстань Криштоф Косинський і Северин Наливайко зі своїм братом Дем’яном, королі Стефан Баторій і Сигізмунд ІІІ Ваза, королева Анна Ягеллонка, полководець Станіслав Жолкевський.
521 ## - Примітка про цільове призначення
Примітка про цільове призначення Для широкого кола читачів
546 ## - Примітка про мову
Примітка про мову укр.
650 ## - Тематичні рубрики
Основна рубрика Літературно-художнє видання
653 ## - Ключові слова
Ключові слова Гра
-- Протиборство держав
655 ## - Термін індексування — жанр/форма
Жанр/форма Проза
Типове ділення Роман
942 ## - ADDED ENTRY ELEMENTS (KOHA)
Джерело класифікації чи схема поличного розташування
Koha item type Книги
Фонди
Статус вилучення Статус втрати/відсутності Джерело класифікації чи схема поличного розташування Статус пошкодження Тип обігу (не для випозичання) Постійне розташування Поточне розташування Розташування у відділі Дата надходження Інвентарний номер Total Checkouts Повний (примірниковий) шифр зберігання Штрих-код Date last seen Дата, для якої чинна ціна заміни Тип одиниці (рівень примірника)
          Бібліотека-філія №3 Бібліотека-філія №3 Абонемент старший відділ 11/05/2026 65467   821(477) 4232 11/05/2026 11/05/2026 Книги

Працює на АБІС Коха